Bank supervision and deposit insurance (Record no. 35443)

MARC details
000 -LEADER
fixed length control field 00464nam a2200133 a 4500
008 - FIXED-LENGTH DATA ELEMENTS--GENERAL INFORMATION
fixed length control field 120416s1997 xx |||||||||||||| || u
050 ## - LIBRARY OF CONGRESS CALL NUMBER
Classification number THESIS/STUDENT
100 ## - MAIN ENTRY--PERSONAL NAME
Personal name Chimuka, Chindongwe Busiku
245 10 - TITLE STATEMENT
Title Bank supervision and deposit insurance
246 ## - VARYING FORM OF TITLE
Title proper/short title the 1995 bank crisis
260 ## - PUBLICATION, DISTRIBUTION, ETC.
Date of publication, distribution, etc. 1997
350 ## - PRICE (NR) (BK AM CF MU VM SE) [OBSOLETE]
Price 0.00
995 ## - RECOMMENDATION 995 [LOCAL, UNIMARC FRANCE]
-- 0.00
-- CBU-MAIN LIBRARY (Kitwe)
-- 1
-- 0.00
-- AVAILABLE
-- University Collection
Holdings
Withdrawn status Lost status Source of classification or shelving scheme Damaged status Not for loan Home library Current library Shelving location Date acquired Total Checkouts Full call number Barcode Date last seen Price effective from Koha item type
          CBU-MAIN LIBRARY, KITWE. CBU-MAIN LIBRARY, KITWE.   11/30/2022   THESIS/STUDENT 9017244 11/30/2022 11/30/2022 MONOGRAPH